[Event "Winnipeg op"]
[Site "Winnipeg CAN"]
[Date "2019.06.25"]
[Round "4.8"]
[White "Remillard, John"]
[Black "Prince, Colin"]
[Result "0-1"]
[WhiteElo "1602"]
[BlackElo "1858"]
[PlyCount "68"]
[EventDate "2019.06.04"]
[EventType "swiss"]
[EventRounds "8"]
[EventCountry "CAN"]

1. f4 e5 2. fxe5 d6 3. Nf3 g5 4. g3 g4 5. Nh4 dxe5 6. e4 Nc6 7. Bc4 Be7 8. O-O
Qd4+ 9. Kh1 Qxe4+ 10. Ng2 Qxc4 11. d3 Qe6 12. Be3 h5 13. Nd2 h4 14. gxh4 Bxh4
15. Nxh4 Rxh4 16. Bf2 Rh3 17. Ne4 Qh6 18. Bg3 f5 19. Nf2 Rxg3 20. Rg1 Rxg1+ 21.
Kxg1 Be6 22. c4 O-O-O 23. Qf1 Nd4 24. Qg2 Bd7 25. Kf1 Nf3 26. Ke2 Qd2+ 27. Kf1
Bc6 28. Qg3 Nf6 29. Rd1 Qxb2 30. h4 Ba4 31. Re1 Nh5 32. Qg2 Nxe1 33. Kxe1 Nf4
34. Qg3 Qe2# {White loses.} 0-1

[Event "Winnipeg op"]
[Site "Winnipeg CAN"]
[Date "2019.06.25"]
[Round "4.9"]
[White "Annakkage, Udaya"]
[Black "Marshall, Carter"]
[Result "1-0"]
[WhiteElo "1702"]
[BlackElo "1561"]
[PlyCount "75"]
[EventDate "2019.06.04"]
[EventType "swiss"]
[EventRounds "8"]
[EventCountry "CAN"]

1. e4 c5 2. Nf3 d6 3. c3 Nf6 4. Be2 g6 5. O-O Bg7 6. Re1 Nc6 7. Bc4 O-O 8. d3
a6 9. a4 Bg4 10. h3 Bxf3 11. Qxf3 Ne5 12. Qe2 Nxc4 13. dxc4 b5 14. cxb5 axb5
15. Qxb5 Qd7 16. Qxd7 Nxd7 17. Nd2 Ne5 18. Rd1 Nd3 19. Nc4 Nxc1 20. Rdxc1 Rfb8
21. a5 Ra6 22. Rcb1 e6 23. Nb6 Ra7 24. f4 Bf6 25. Rd1 Bd8 26. Nc4 Bc7 27. Kf2
Rba8 28. Ke3 Bxa5 29. Nxa5 Rxa5 30. Rxa5 Rxa5 31. Rxd6 Rb5 32. Rd2 h5 33. g4
hxg4 34. hxg4 Kg7 35. g5 f5 36. gxf6+ Kxf6 37. e5+ Kf5 38. Rg2 1-0

[Event "Winnipeg op"]
[Site "Winnipeg CAN"]
[Date "2019.06.25"]
[Round "4.10"]
[White "Lei, Yanyu"]
[Black "Piche, Zachary"]
[Result "1/2-1/2"]
[WhiteElo "1574"]
[BlackElo "1482"]
[PlyCount "118"]
[EventDate "2019.06.04"]
[EventType "swiss"]
[EventRounds "8"]
[EventCountry "CAN"]

1. d4 Nf6 2. c4 e6 3. Nc3 Bb4 4. Bf4 O-O 5. e3 c5 6. Nf3 d5 7. cxd5 Nxd5 8. Qb3
Qa5 9. Rc1 Nc6 10. Bd6 Rd8 11. Bxc5 Bxc5 12. dxc5 Qxc5 13. Bc4 Na5 14. Qb5 Qxc4
15. Qxa5 b6 16. Qb5 Qb4 17. O-O Bb7 18. Nd4 Qd6 19. Rfd1 Rac8 20. Nxd5 Qxd5 21.
Qxd5 Bxd5 22. b3 Kf8 23. f3 Ke7 24. Nb5 a6 25. Nc3 Bb7 26. Rxd8 Rxd8 27. Na4 b5
28. Rc7+ Rd7 29. Rxd7+ Kxd7 30. Nc5+ Kc7 31. Nxb7 Kxb7 32. Kf2 Kc7 33. Ke2 Kd6
34. Kd3 h6 35. h3 Kc5 36. a3 Kd5 37. g3 f6 38. e4+ Kc5 39. Kc3 e5 40. h4 g6 41.
f4 exf4 42. gxf4 a5 43. b4+ axb4+ 44. axb4+ Kd6 45. Kd4 g5 46. e5+ fxe5+ 47.
fxe5+ Kc6 48. hxg5 hxg5 49. Ke4 g4 50. e6 Kd6 51. Kf5 g3 52. Kf6 g2 53. e7 g1=Q
54. e8=Q Qf2+ 55. Kg7 Qd4+ 56. Kg8 Qg4+ 57. Kh7 Qh4+ 58. Kg8 Qg5+ 59. Kh8 Qh6+
1/2-1/2

[Event "Winnipeg op"]
[Site "Winnipeg CAN"]
[Date "2019.06.25"]
[Round "4.12"]
[White "Marshall, Ken"]
[Black "Jenkins, Mark"]
[Result "1-0"]
[WhiteElo "1475"]
[BlackElo "1438"]
[PlyCount "73"]
[EventDate "2019.06.04"]
[EventType "swiss"]
[EventRounds "8"]
[EventCountry "CAN"]

1. e4 c6 2. d4 d5 3. Nd2 dxe4 4. Nxe4 Bf5 5. f3 e6 6. Bc4 Nf6 7. Ng3 Bd6 8.
Nxf5 exf5 9. Ne2 Qc7 10. g3 O-O 11. Bg5 Nbd7 12. Qd3 g6 13. O-O-O Kg7 14. Qd2
Ng8 15. Kb1 Rae8 16. h4 Qb6 17. h5 Ba3 18. Bb3 Bb4 19. c3 Be7 20. hxg6 fxg6 21.
Bh6+ Nxh6 22. Qxh6+ Kf6 23. Qh4+ Kg7 24. Qxh7+ Kf6 25. Nf4 Bd6 26. Qxg6+ Ke7
27. Rh7+ Kd8 28. Qxd6 Qc7 29. Qxc7+ Kxc7 30. Rhh1 Re3 31. Rde1 Rxf3 32. Ne6+
Kd6 33. Nxf8 Nxf8 34. Ref1 Rxg3 35. Rxf5 Rg8 36. Bxg8 Ke7 37. Re1+ 1-0

[Event "Winnipeg op"]
[Site "Winnipeg CAN"]
[Date "2019.06.25"]
[Round "4.13"]
[White "Trueman, Francis"]
[Black "Gregoryanz, Philipp"]
[Result "1-0"]
[WhiteElo "1427"]
[BlackElo "1543"]
[PlyCount "62"]
[EventDate "2019.06.04"]
[EventType "swiss"]
[EventRounds "8"]
[EventCountry "CAN"]

1. e4 e5 2. Nf3 Nc6 3. d3 Nf6 4. Nbd2 Bc5 5. h3 d6 6. g3 Be6 7. Bg2 Qd7 8. a4
a6 9. Ng5 d5 10. Nxe6 Qxe6 11. exd5 Nxd5 12. Ne4 Bb6 13. Qf3 Nd4 14. Qd1 Nf6
15. Nxf6+ Qxf6 16. Be3 O-O 17. c3 Nc6 18. Bxb6 cxb6 19. O-O b5 20. axb5 axb5
21. Qb3 b4 22. Rxa8 Rxa8 23. Re1 bxc3 24. bxc3 Qd6 25. Be4 Qd7 26. Bf3 Rd8 27.
Be4 Na5 28. Qb6 Nc6 29. Kh2 f5 30. Bxc6 Qxc6 31. Qb3+ Kh8 {
White eventually won in 67 moves.} 1-0

[Event "Winnipeg op"]
[Site "Winnipeg CAN"]
[Date "2019.07.09"]
[Round "5.1"]
[White "Wiebe, Isaac"]
[Black "Baron, Gustav"]
[Result "1-0"]
[WhiteElo "2281"]
[BlackElo "2204"]
[PlyCount "101"]
[EventDate "2019.06.04"]
[EventType "swiss"]
[EventRounds "8"]
[EventCountry "CAN"]

1. d4 Nf6 2. Bf4 e6 3. e3 b6 4. Nf3 Bb7 5. c4 Bb4+ 6. Nfd2 c5 7. Nc3 cxd4 8.
exd4 Nc6 9. Nb5 d6 10. a3 a6 11. Nc3 Bxc3 12. bxc3 O-O 13. Bd3 e5 14. Bg5 exd4
15. Ne4 Ne5 16. O-O Nxd3 17. Bxf6 gxf6 18. Qxd3 Bxe4 19. Qxe4 dxc3 20. Rac1 Re8
21. Qg4+ Kh8 22. Rxc3 Rg8 23. Qh4 f5 24. Qd4+ f6 25. Rd1 Qe7 26. Re3 Qg7 27.
Rg3 Qe7 28. Rxg8+ Rxg8 29. Qxd6 Re8 30. h3 Qe6 31. Rd5 Kg7 32. Qg3+ Kh8 33. Qf3
Qe4 34. Rxf5 Qxf3 35. Rxf3 Re6 36. Kf1 Kg7 37. Re3 Rc6 38. Re4 f5 39. Rf4 Kf6
40. g4 Ke6 41. Rxf5 Rxc4 42. Rh5 Rc1+ 43. Kg2 Rb1 44. Rxh7 Kf6 45. h4 Kg6 46.
Re7 Rb3 47. Re3 Rxe3 48. fxe3 b5 49. Kf2 a5 50. Ke2 b4 51. axb4 1-0

[Event "Winnipeg op"]
[Site "Winnipeg CAN"]
[Date "2019.07.09"]
[Round "5.2"]
[White "Ma, Derek"]
[Black "Abioye, Yemi"]
[Result "1/2-1/2"]
[WhiteElo "2094"]
[BlackElo "2067"]
[PlyCount "93"]
[EventDate "2019.06.04"]
[EventType "swiss"]
[EventRounds "8"]
[EventCountry "CAN"]

1. e4 e6 2. d4 d5 3. Nd2 Nf6 4. e5 Nfd7 5. Bd3 c5 6. c3 Nc6 7. Ngf3 Qb6 8. O-O
Be7 9. dxc5 Nxc5 10. Bc2 a5 11. Nb3 Nd7 12. Qe2 a4 13. Nbd4 Ra5 14. Be3 Bc5 15.
b4 axb3 16. axb3 Rxa1 17. Rxa1 Nxd4 18. cxd4 Be7 19. Rc1 O-O 20. Bg5 f6 21. Qd3
g6 22. Bh6 Rd8 23. Nh4 f5 24. Nf3 Re8 25. Ng5 Nf8 26. Rd1 Qd8 27. f4 Qc7 28.
Nf3 Bd7 29. Bg5 Bxg5 30. Nxg5 Rc8 31. Rd2 Qc3 32. Qxc3 Rxc3 33. Nf3 Bb5 34. Kf2
Nd7 35. Ke1 Nb8 36. Kd1 h6 37. Kc1 Nc6 38. Kb2 Re3 39. Bb1 Bf1 40. Rf2 Re2+ 41.
Rxe2 Bxe2 42. Kc3 Bxf3 43. gxf3 Kf7 44. Bd3 Ke7 45. Bb5 Na7 46. Kb4 Kd8 47. h4
1/2-1/2

[Event "Winnipeg op"]
[Site "Winnipeg CAN"]
[Date "2019.07.09"]
[Round "5.3"]
[White "Lafreniere, Adrian"]
[Black "Ubaka, Michael"]
[Result "1-0"]
[WhiteElo "1931"]
[BlackElo "1815"]
[PlyCount "42"]
[EventDate "2019.06.04"]
[EventType "swiss"]
[EventRounds "8"]
[EventCountry "CAN"]

1. e4 e5 2. b3 d6 3. Bb2 Nf6 4. Nc3 Be6 5. Nf3 h6 6. d3 Bg4 7. Be2 Bh5 8. h3 c6
9. Qd2 Qb6 10. Na4 Qc7 11. Nh4 Be7 12. Nf5 Rg8 13. Nxe7 Qxe7 14. Ba3 Nbd7 15.
Rf1 c5 16. Nc3 a6 17. Bxh5 Nxh5 18. Nd5 Qd8 19. O-O-O Nb6 20. Rde1 Nxd5 21.
exd5 Nf4 {White won in 50 moves.} 1-0

[Event "Winnipeg op"]
[Site "Winnipeg CAN"]
[Date "2019.07.09"]
[Round "5.4"]
[White "Letain, Cory"]
[Black "Khedkar, Jay"]
[Result "1-0"]
[WhiteElo "1667"]
[BlackElo "1986"]
[PlyCount "53"]
[EventDate "2019.06.04"]
[EventType "swiss"]
[EventRounds "8"]
[EventCountry "CAN"]

1. e4 d6 2. d4 Nf6 3. Nc3 g6 4. Bc4 Bg7 5. Nf3 O-O 6. O-O c6 7. Bg5 b5 8. Bb3
b4 9. e5 bxc3 10. exf6 exf6 11. Bc1 cxb2 12. Bxb2 Nd7 13. c4 f5 14. Qd2 Nf6 15.
h4 Ne4 16. Qc2 Bf6 17. h5 g5 18. d5 g4 19. Nd2 cxd5 20. cxd5 Ng5 21. Rfe1 Bd7
22. Bxf6 Qxf6 23. Qc7 Bb5 24. Rac1 Qd4 25. Nc4 g3 26. Rc2 Ne4 27. Rf1 {
Black lost on time} 1-0

[Event "Winnipeg op"]
[Site "Winnipeg CAN"]
[Date "2019.07.09"]
[Round "5.5"]
[White "Rutter, Blair"]
[Black "Annakkage, Udaya"]
[Result "1-0"]
[WhiteElo "1896"]
[BlackElo "1702"]
[PlyCount "67"]
[EventDate "2019.06.04"]
[EventType "swiss"]
[EventRounds "8"]
[EventCountry "CAN"]

1. c4 e5 2. g3 Nf6 3. Bg2 c6 4. e4 Be7 5. Nc3 O-O 6. Nge2 d6 7. O-O Be6 8. d3
Nbd7 9. h3 Qc8 10. f4 exf4 11. gxf4 Nc5 12. f5 Bd7 13. d4 Ncxe4 14. Nxe4 Bxf5
15. Nf2 d5 16. c5 Ne4 17. Nxe4 dxe4 18. Ng3 Bxh3 19. Nxe4 Qd7 20. Bf4 Bxg2 21.
Kxg2 Qd5 22. Qf3 Qxd4 23. Rf2 Bxc5 24. Rd1 Qc4 25. Rc1 Qe6 26. Nxc5 Qg6+ 27.
Qg3 Qh5 28. Qg5 Qxg5+ 29. Bxg5 f6 30. Bf4 b6 31. Ne4 c5 32. Rd1 g5 33. Bg3 f5
34. Nxg5 1-0

[Event "Winnipeg op"]
[Site "Winnipeg CAN"]
[Date "2019.07.09"]
[Round "5.6"]
[White "Prince, Colin"]
[Black "Green, Jim"]
[Result "1/2-1/2"]
[WhiteElo "1858"]
[BlackElo "1861"]
[PlyCount "59"]
[EventDate "2019.06.04"]
[EventType "swiss"]
[EventRounds "8"]
[EventCountry "CAN"]

1. e4 e5 2. f4 Bc5 3. Nf3 d6 4. Nc3 Bg4 5. Bc4 Bxf3 6. Qxf3 Nc6 7. Ne2 Qd7 8.
a3 Nf6 9. b4 Bb6 10. h3 exf4 11. Qxf4 Ne5 12. Bb3 Ng6 13. Qf5 Qxf5 14. exf5 Ne7
15. Rf1 Nc6 16. Bb2 a5 17. b5 Ne5 18. d4 Ned7 19. a4 O-O 20. O-O-O c6 21. Nc3
d5 22. g4 Rfe8 23. g5 Ne4 24. h4 Nxc3 25. Bxc3 Re4 26. h5 Rae8 27. h6 Bc7 28.
Kb2 Rg4 29. Rg1 Ree4 30. Ka2 1/2-1/2

[Event "Winnipeg op"]
[Site "Winnipeg CAN"]
[Date "2019.07.09"]
[Round "5.7"]
[White "Konara, Harshani"]
[Black "Melnyk, Jim"]
[Result "1-0"]
[WhiteElo "2020"]
[BlackElo "1708"]
[PlyCount "129"]
[EventDate "2019.06.04"]
[EventType "swiss"]
[EventRounds "8"]
[EventCountry "CAN"]

1. c4 b6 2. Nc3 Bb7 3. d3 e6 4. e4 Nc6 5. Nge2 Nf6 6. g3 Be7 7. Bg2 e5 8. Nd5
Nxd5 9. cxd5 Bb4+ 10. Bd2 Bxd2+ 11. Qxd2 Ne7 12. O-O d6 13. Rac1 c5 14. f4 exf4
15. Nxf4 O-O 16. Qe2 Ng6 17. Nh3 Ba6 18. Rcd1 Ne5 19. b3 Qd7 20. Rf4 Rae8 21.
Nf2 f5 22. Bh3 g6 23. Qc2 Qe7 24. exf5 Bc8 25. d4 cxd4 26. Rdxd4 Rf6 27. Ng4
Nxg4 28. Bxg4 Qe3+ 29. Qf2 h5 30. Qxe3 Rxe3 31. Kf2 Rc3 32. Bd1 g5 33. Rf3
Rxf3+ 34. Kxf3 Rxf5+ 35. Ke3 g4 36. Bc2 Rf6 37. Rc4 Rf8 38. Be4 Bb7 39. Rc7 Rf7
40. Rxf7 Kxf7 41. Kf4 Kf6 42. Bg2 Ba6 43. h3 gxh3 44. Bxh3 Bd3 45. Bg2 Bb1 46.
a3 Bc2 47. b4 Bb3 48. Bf3 Kg6 49. Bg2 Bc4 50. Be4+ Kh6 51. Kf5 a5 52. Ke6 Kg5
53. Bf3 h4 54. gxh4+ Kxh4 55. Kxd6 Kg3 56. Bh1 Kf4 57. Ke7 axb4 58. axb4 Ke5
59. d6 Bb5 60. Bb7 Kd4 61. Bc8 Kc4 62. Bd7 Kxb4 63. Bxb5 Kxb5 64. d7 Kb4 65.
d8=Q 1-0

[Event "Winnipeg op"]
[Site "Winnipeg CAN"]
[Date "2019.07.09"]
[Round "5.8"]
[White "Magyar, Peter"]
[Black "Proulx, Roy"]
[Result "0-1"]
[WhiteElo "1471"]
[BlackElo "1814"]
[PlyCount "58"]
[EventDate "2019.06.04"]
[EventType "swiss"]
[EventRounds "8"]
[EventCountry "CAN"]

1. d4 Nf6 2. Bf4 e6 3. e3 d5 4. Be2 Bd6 5. Bg3 Ne4 6. Nf3 Nd7 7. Nbd2 f5 8. Ne5
O-O 9. c3 Nxg3 10. hxg3 Nxe5 11. dxe5 Bxe5 12. f4 Bf6 13. Qc2 c5 14. g4 Bh4+
15. Kd1 Bf2 16. Qd3 d4 17. Nc4 dxe3 18. Nd6 Qe7 19. Kc2 Rd8 20. Nxf5 exf5 21.
Qc4+ Be6 22. Qb5 a6 23. Qa5 Rd2+ 24. Kc1 Rxe2 25. Rd1 Rd2 26. Rxd2 exd2+ 27.
Kxd2 Qd6+ 28. Kc2 Rd8 29. c4 Qd3+ 0-1

[Event "Winnipeg op"]
[Site "Winnipeg CAN"]
[Date "2019.07.09"]
[Round "5.9"]
[White "Jenkins, Mark"]
[Black "Remillard, John"]
[Result "0-1"]
[WhiteElo "1438"]
[BlackElo "1602"]
[PlyCount "80"]
[EventDate "2019.06.04"]
[EventType "swiss"]
[EventRounds "8"]
[EventCountry "CAN"]

1. d4 Nf6 2. c4 d5 3. Nf3 g6 4. Nc3 Bg7 5. cxd5 Nxd5 6. e3 O-O 7. Bc4 c6 8. a3
a6 9. O-O b5 10. Ba2 a5 11. Bxd5 cxd5 12. Nxb5 Ba6 13. a4 Qb6 14. Qb3 Rd8 15.
Bd2 Nc6 16. Rfc1 e6 17. Qd1 Bxb5 18. axb5 Qxb5 19. Rc5 Qb6 20. Qe1 a4 21. Qd1
Bf8 22. Rcc1 a3 23. bxa3 Rxa3 24. Rab1 Qa6 25. Qf1 Qa8 26. g4 Na5 27. Bb4 Bxb4
28. Rxb4 Nc4 29. h4 Rb8 30. Rbb1 Rab3 31. Qe1 Qb7 32. Rxb3 Qxb3 33. h5 Kg7 34.
Kg2 Qd3 35. Qh1 Rb2 36. Qf1 Nxe3+ 37. Kg1 Nxf1 38. Rxf1 Qxf3 39. g5 Qg4+ 40.
Kh1 Rb3 {White resigned.} 0-1

[Event "Winnipeg op"]
[Site "Winnipeg CAN"]
[Date "2019.07.09"]
[Round "5.10"]
[White "Piche, Zachary"]
[Black "Ott, Richard"]
[Result "1-0"]
[WhiteElo "1482"]
[BlackElo "1516"]
[PlyCount "65"]
[EventDate "2019.06.04"]
[EventType "swiss"]
[EventRounds "8"]
[EventCountry "CAN"]

1. Nf3 Nf6 2. c4 e6 3. Nc3 d5 4. d4 c5 5. e3 Nc6 6. Bd2 cxd4 7. Nxd4 Be7 8.
Nxc6 bxc6 9. cxd5 cxd5 10. Be2 O-O 11. O-O Bd7 12. Bf3 Rb8 13. Qc2 Qb6 14. Rab1
Rfc8 15. Qd1 Bc6 16. Ne2 e5 17. g3 e4 18. Bg2 Bb5 19. Re1 Ng4 20. h3 Ne5 21.
Nf4 Qd6 22. Bc3 Bd3 23. Bxe5 Qxe5 24. Nxd3 exd3 25. Qxd3 Rxb2 26. Rxb2 Qxb2 27.
Qxd5 Rd8 28. Qe4 Bb4 29. Rb1 Qxa2 30. Qxb4 a5 31. Qb6 Qd2 32. Bf3 g6 33. Rd1
1-0

[Event "Winnipeg op"]
[Site "Winnipeg CAN"]
[Date "2019.07.09"]
[Round "5.11"]
[White "Mandusic, Ante"]
[Black "Reimer, Bruce"]
[Result "0-1"]
[WhiteElo "1208"]
[BlackElo "1538"]
[PlyCount "88"]
[EventDate "2019.06.04"]
[EventType "swiss"]
[EventRounds "8"]
[EventCountry "CAN"]

1. e4 d6 2. Nc3 g6 3. d3 Bg7 4. Bd2 a6 5. g3 b5 6. Bg2 Bb7 7. Nf3 Nd7 8. O-O e6
9. b4 Ne7 10. a4 c5 11. bxc5 b4 12. Ne2 Bxa1 13. Qxa1 O-O 14. cxd6 Nc8 15. Bxb4
f6 16. Ned4 Qb6 17. Nxe6 Qxb4 18. Nxf8 Kxf8 19. Rb1 Qxd6 20. Rxb7 Ncb6 21. Bh3
Qc6 22. Bxd7 Nxd7 23. Rb4 Qxc2 24. Rb7 Qxd3 25. Qd4 Qxd4 26. Nxd4 Nc5 27. Rxh7
Kg8 28. Rc7 Nxa4 29. Rc6 Kf7 30. f4 Nb2 31. f5 Nd3 32. fxg6+ Kxg6 33. h4 a5 34.
g4 Ne5 35. Rc3 Nxg4 36. Rg3 Kh5 37. Nf5 a4 38. Ra3 Ne5 39. Kg2 Kg4 40. Rg3+ Kf4
41. Re3 a3 42. Re1 a2 43. Ra1 Kxe4 44. Ng3+ Kd3 0-1

[Event "Winnipeg op"]
[Site "Winnipeg CAN"]
[Date "2019.07.09"]
[Round "5.12"]
[White "Gregoryanz, Philipp"]
[Black "Gannon, Keith"]
[Result "0-1"]
[WhiteElo "1543"]
[BlackElo "1469"]
[PlyCount "130"]
[EventDate "2019.06.04"]
[EventType "swiss"]
[EventRounds "8"]
[EventCountry "CAN"]

1. e4 e5 2. Nf3 d6 3. Nc3 Nf6 4. d4 exd4 5. Nxd4 Bd7 6. Bc4 Nc6 7. Bg5 Be7 8.
Nf5 Bxf5 9. exf5 Ne5 10. Bxf6 Bxf6 11. Qd5 Nxc4 12. Qxc4 Bxc3+ 13. Qxc3 Qe7+
14. Qe3 Qxe3+ 15. fxe3 O-O-O 16. O-O f6 17. a4 Rde8 18. Rfe1 Re4 19. c3 Rhe8
20. Kf2 R8e5 21. Kf3 h5 22. b4 d5 23. Rad1 Rxf5+ 24. Ke2 c6 25. Rd4 Rxd4 26.
cxd4 Rg5 27. g3 Rg4 28. Kf3 Re4 29. h3 g5 30. g4 h4 31. a5 a6 32. Ke2 Kc7 33.
Rf1 Re6 34. Kd3 b6 35. Ra1 Re4 36. Rb1 Re6 37. Re1 bxa5 38. bxa5 Kd6 39. Rb1
Re8 40. Rb6 Ra8 41. e4 dxe4+ 42. Kxe4 Re8+ 43. Kf5 Re3 44. Rxa6 Rxh3 45. Rb6
Ra3 46. Kxf6 h3 47. Rb2 Rxa5 48. Rh2 Rd5 49. Rxh3 Rxd4 50. Kxg5 c5 51. Kf5 c4
52. g5 Rd3 53. Rh1 c3 54. Rc1 Ke7 55. Kg6 Kf8 56. Kf6 Kg8 57. g6 Rf3+ 58. Kg5
Kg7 59. Ra1 Rg3+ 60. Kf5 c2 61. Ra7+ Kg8 62. Kf6 Rf3+ 63. Kg5 c1=Q+ 64. Kh5
Qh1+ 65. Kg5 Qg1+ 0-1

[Event "Winnipeg op"]
[Site "Winnipeg CAN"]
[Date "2019.07.16"]
[Round "6.1"]
[White "Abioye, Yemi"]
[Black "Lafreniere, Adrian"]
[Result "0-1"]
[WhiteElo "2067"]
[BlackElo "1931"]
[PlyCount "90"]
[EventDate "2019.06.04"]
[EventType "swiss"]
[EventRounds "8"]
[EventCountry "CAN"]

1. e4 c6 2. d4 d5 3. e5 Bf5 4. Bd3 Bxd3 5. Qxd3 e6 6. Ne2 Nd7 7. O-O Qc7 8. c3
Ne7 9. Ng3 c5 10. Na3 a6 11. Be3 Nc6 12. Nc2 Be7 13. Ne2 c4 14. Qd2 O-O-O 15.
b3 Nb6 16. Rfb1 Kd7 17. Rb2 Rb8 18. Rab1 h6 19. f4 g6 20. Rf1 Rhg8 21. g4 Qd8
22. Ng3 Bh4 23. Qg2 Bxg3 24. hxg3 Ne7 25. Na3 Qc7 26. bxc4 Nxc4 27. Nxc4 Qxc4
28. Rc1 b5 29. Rf2 h5 30. f5 gxf5 31. gxf5 Nxf5 32. Rxf5 exf5 33. Rf1 Ke6 34.
Rxf5 Kxf5 35. Qf3+ Ke6 36. Qf6+ Kd7 37. Qd6+ Kc8 38. e6 Qc7 39. Qxa6+ Kd8 40.
Bf2 Ke7 41. exf7 Kxf7 42. Qh6 Rxg3+ 43. Bxg3 Qxg3+ 44. Kf1 Qf3+ 45. Ke1 Re8+
0-1

[Event "Winnipeg op"]
[Site "Winnipeg CAN"]
[Date "2019.07.16"]
[Round "6.2"]
[White "Letain, Cory"]
[Black "Rutter, Blair"]
[Result "1/2-1/2"]
[WhiteElo "1667"]
[BlackElo "1896"]
[PlyCount "65"]
[EventDate "2019.06.04"]
[EventType "swiss"]
[EventRounds "8"]
[EventCountry "CAN"]

1. e4 e5 2. Nf3 Nc6 3. Bb5 d6 4. c3 Bd7 5. d4 Nf6 6. d5 Nb8 7. Bxd7+ Nbxd7 8.
Bg5 Be7 9. Bxf6 Nxf6 10. O-O O-O 11. Nbd2 Qd7 12. c4 Ne8 13. b4 f5 14. Qb3 fxe4
15. Nxe4 Qg4 16. Rfe1 Kh8 17. c5 h6 18. b5 Nf6 19. h3 Qf5 20. Nh4 Qh7 21. Nxf6
Rxf6 22. cxd6 Bxd6 23. a4 Raf8 24. Re2 Rf4 25. Nf3 Qg6 26. Qb1 Qf6 27. Qb2 Re8
28. Rae1 Rf8 29. Nxe5 Bxe5 30. Qxe5 Qxe5 31. Rxe5 Rxf2 32. Re8 Kg8 33. Rxf8+
1/2-1/2

[Event "Winnipeg op"]
[Site "Winnipeg CAN"]
[Date "2019.07.16"]
[Round "6.3"]
[White "Baron, Gustav"]
[Black "Konara, Harshani"]
[Result "1-0"]
[WhiteElo "2204"]
[BlackElo "2020"]
[PlyCount "109"]
[EventDate "2019.06.04"]
[EventType "swiss"]
[EventRounds "8"]
[EventCountry "CAN"]

1. e4 (1. d4) 1... c5 2. Nf3 d6 3. d4 cxd4 4. Nxd4 Nf6 5. Nc3 a6 6. Bc4 Nbd7 7.
Be3 e6 8. Bxe6 fxe6 9. Nxe6 Qa5 10. O-O Ne5 11. Nxf8 Rxf8 12. Qxd6 Nc4 13. Qd4
Be6 14. Qc5 Qxc5 15. Bxc5 Rf7 16. b3 Na5 17. e5 Nd7 18. Bd6 Nc6 19. f4 Nd4 20.
Rf2 Nf5 21. Ne4 Bd5 22. Ng5 Nxd6 23. exd6 Rf5 24. c4 Bc6 25. Re1+ Kf8 26. Nxh7+
Kg8 27. Ng5 Nc5 28. Re3 Rd8 29. b4 Nd7 30. Re7 Rdf8 31. Ne6 R8f7 32. Rxf7 Kxf7
33. Nd4 Rf6 34. c5 Nf8 35. g3 Ne6 36. Nb3 g5 37. f5 Nf8 38. g4 Nd7 39. Re2 Rh6
40. Re7+ Kf8 41. Nd4 Ba4 42. Ne6+ Kg8 43. Nxg5 Rh4 44. h3 Bc6 45. Kh2 Nf6 46.
Kg3 Rh6 47. a4 Kf8 48. Re6 Kg7 49. Re7+ Kf8 50. b5 axb5 51. axb5 Bd7 52. Ne6+
Kg8 53. Nd4 Rh7 54. Rxh7 Kxh7 55. c6 1-0

[Event "Winnipeg op"]
[Site "Winnipeg CAN"]
[Date "2019.07.16"]
[Round "6.4"]
[White "Ubaka, Michael"]
[Black "Prince, Colin"]
[Result "0-1"]
[WhiteElo "1815"]
[BlackElo "1858"]
[PlyCount "78"]
[EventDate "2019.06.04"]
[EventType "swiss"]
[EventRounds "8"]
[EventCountry "CAN"]

1. d4 Nf6 2. Bf4 d5 3. e3 Bf5 4. Bd3 Bg6 5. Nf3 e6 6. Bxg6 hxg6 7. c3 Nbd7 8.
Nbd2 Nh5 9. g3 f6 10. e4 Nxf4 11. gxf4 c5 12. e5 Qb6 13. Qc2 Rh6 14. Rg1 f5 15.
h4 O-O-O 16. Rh1 Kb8 17. Ng5 Rc8 18. Qb3 cxd4 19. Qxb6 Nxb6 20. cxd4 Bb4 21. a3
Bxd2+ 22. Kxd2 Nc4+ 23. Ke2 Nxb2 24. Rab1 Rc2+ 25. Ke3 Nc4+ 26. Kd3 Rxf2 27.
Nxe6 Rf3+ 28. Ke2 Rxa3 29. Nxg7 Ra2+ 30. Kd3 Ra3+ 31. Kc2 Rh8 32. e6 Rc8 33. e7
Nd6+ 34. Kb2 Nc4+ 35. Kc2 Ne3+ 36. Kd2 Rc2+ 37. Ke1 Ng2+ 38. Kf1 Ne3+ 39. Kg1
Rg2# 0-1

[Event "Winnipeg op"]
[Site "Winnipeg CAN"]
[Date "2019.07.16"]
[Round "6.6"]
[White "Remillard, John"]
[Black "Annakkage, Udaya"]
[Result "0-1"]
[WhiteElo "1602"]
[BlackElo "1702"]
[PlyCount "68"]
[EventDate "2019.06.04"]
[EventType "swiss"]
[EventRounds "8"]
[EventCountry "CAN"]

1. c4 e5 2. g3 Nf6 3. Bg2 Be7 4. Nf3 Nc6 5. O-O O-O 6. Nc3 Re8 7. d4 exd4 8.
Nxd4 Ne5 9. b3 c6 10. Nf5 Bb4 11. Qc2 d5 12. Nh4 dxc4 13. Rd1 Qe7 14. Bg5 Be6
15. Ne4 cxb3 16. axb3 Ned7 17. Rd3 h6 18. Bxf6 Nxf6 19. Nxf6+ Qxf6 20. Rad1
Rad8 21. Rf3 Rxd1+ 22. Qxd1 Qe7 23. Re3 Qd6 24. Rd3 Qe7 25. e4 Ba5 26. Re3 Rd8
27. Qb1 Bb6 28. Re1 Rd2 29. Rf1 Qf6 30. Nf5 Bxf5 31. exf5 Qb2 32. Qe4 Rxf2 33.
Rxf2 Qxf2+ 34. Kh1 Qg1# 0-1

[Event "Winnipeg op"]
[Site "Winnipeg CAN"]
[Date "2019.07.16"]
[Round "6.7"]
[White "Marshall, Ken"]
[Black "Trueman, Francis"]
[Result "0-1"]
[WhiteElo "1475"]
[BlackElo "1427"]
[PlyCount "70"]
[EventDate "2019.06.04"]
[EventType "swiss"]
[EventRounds "8"]
[EventCountry "CAN"]

1. e4 d6 2. d4 Nd7 3. Nf3 g6 4. Bc4 Bg7 5. Nc3 Ngf6 6. Bg5 O-O 7. Qd2 Re8 8.
O-O-O e5 9. dxe5 dxe5 10. Nxe5 Rxe5 11. f4 Rxg5 12. fxg5 Ng4 13. h3 Nge5 14.
Bb3 c6 15. Kb1 Qe7 16. h4 Nf8 17. h5 Bg4 18. hxg6 hxg6 19. Rdf1 Ne6 20. Nd1 Rd8
21. Qe3 Qxg5 22. Qxg5 Nxg5 23. Ne3 Bd7 24. a3 Nxe4 25. Re1 Nd2+ 26. Ka2 Nxb3
27. cxb3 Be6 28. Rd1 Rxd1 29. Rxd1 b5 30. Rd8+ Kh7 31. Ra8 Nd3 32. Rxa7 Bd4 33.
Rc7 Bxe3 34. Rxc6 Nc1+ 35. Kb1 Nxb3 0-1

[Event "Winnipeg op"]
[Site "Winnipeg CAN"]
[Date "2019.07.16"]
[Round "6.9"]
[White "Gannon, Keith"]
[Black "Reimer, Bruce"]
[Result "0-1"]
[WhiteElo "1469"]
[BlackElo "1538"]
[PlyCount "76"]
[EventDate "2019.06.04"]
[EventType "swiss"]
[EventRounds "8"]
[EventCountry "CAN"]

1. e4 d6 2. Nf3 g6 3. Nc3 Bg7 4. d4 a6 5. Bd3 e6 6. O-O Ne7 7. Be3 b5 8. a3 Bb7
9. Re1 Nd7 10. Qd2 O-O 11. Bh6 c5 12. Bxg7 Kxg7 13. dxc5 dxc5 14. b3 Qc7 15.
Rad1 Rad8 16. Qe2 h5 17. e5 Qa5 18. Nb1 Nb6 19. Be4 Bxe4 20. Qxe4 Nbd5 21. c4
Nc3 22. Nxc3 Qxc3 23. Rxd8 Rxd8 24. cxb5 axb5 25. Qb7 Nf5 26. Qxb5 Nd4 27. Qf1
Nxf3+ 28. gxf3 Qxb3 29. Re3 Qa4 30. Rd3 Rd4 31. Rxd4 cxd4 32. Qd3 Qa7 33. f4
Qc5 34. a4 Qc3 35. Qb5 d3 36. a5 d2 37. a6 d1=Q+ 38. Kg2 Qcf3# 0-1

[Event "Winnipeg op"]
[Site "Winnipeg CAN"]
[Date "2019.07.16"]
[Round "6.10"]
[White "Melnyk, Jim"]
[Black "Lei, Yanyu"]
[Result "1-0"]
[WhiteElo "1708"]
[BlackElo "1574"]
[PlyCount "116"]
[EventDate "2019.06.04"]
[EventType "swiss"]
[EventRounds "8"]
[EventCountry "CAN"]

1. e4 c5 2. Nf3 d6 3. Bd3 Nc6 4. c3 Nf6 5. Bc2 g6 6. O-O Bg7 7. d3 O-O 8. Re1
Be6 9. d4 cxd4 10. Nxd4 Nxd4 11. Qxd4 Qc7 12. a4 Ng4 13. Qd1 d5 14. g3 Rfd8 15.
Qe2 d4 16. h3 Ne5 17. cxd4 Rxd4 18. Kg2 Qd7 19. Rh1 Bc4 20. Qe3 Bd3 21. Bxd3
Rxd3 22. Qe2 Nc4 23. Nc3 Rc8 24. Nd5 Rb3 25. Rd1 Qe6 26. Ra2 Nb6 27. Nxb6 Rxb6
28. Ra3 Rbc6 29. Ra1 Rc2 30. Qe3 Bxb2 31. Bxb2 Rxb2 32. Rac1 Rxc1 33. Rxc1 Qb6
34. Qxb6 Rxb6 35. Rc7 e6 36. Kf3 Rb4 37. a5 a6 38. g4 Kf8 39. Kf4 h6 40. Ke5
Kg7 41. Rc5 Rb5 42. Rxb5 axb5 43. Kd4 b4 44. Kc4 b3 45. Kxb3 Kf6 46. f4 Ke7 47.
Kc4 f6 48. Kc5 Kd7 49. h4 Kc7 50. f5 exf5 51. exf5 gxf5 52. gxf5 h5 53. Kd5 Kd7
54. Ke4 Kc6 55. Kd4 Kb5 56. Kd5 Kxa5 57. Ke6 b5 58. Kxf6 b4 {
White eventually won.} 1-0